000 00933nam a22003017a 4500
003 CHAP
005 20220329134305.0
008 971013s1964 r 00010 d
010 _a18195
011 _a19167
035 _a23252
040 _cCHAP
082 _a636.2
_bB53Y
100 0 0 _aBlaxter, Kenneth Lyon.
_913149
245 _aMetabolismo energético de los rumiantes
260 _aZaragoza :
_bAcribia,
_c(1964)
300 _a314 p.
_b: ilus. ; láms.
590 _aBATCH-UPD
_b10
_c20130110
_lUCH01
_h1019
590 _aBATCH-UPD
_b10
_c20130410
_lUCH01
_h0625
590 _aBATCH-UPD
_b10
_c20130914
_lUCH01
_h1814
590 _aCONVERSION
_b10
_c20130109
_lUCH01
_h1311
650 1 4 _aMetabolismo.
_975149
650 1 4 _aRumiantes
_xAnatomía y fisiología.
_9100843
650 1 4 _aRumiantes
_xNutrición.
_9100847
901 _aBK
942 _cLIBRO
949 _a636.2 B53Y
_bBC
_cLIBRO
_d33724000266219
_eLIBRO
_h11683
_i23252
_si
999 _c18195
_d18195